000 00640cam a2200217 4500
001 A262
008 090401t1991 xxu||||| |||| 00| 0 eng d
035 _a(Sirsi) u95329
041 _aeng
110 _aRoyal Institution of Chartered Surveyors
_94900
245 _aPlanning and Compensation Bill : town and country planning provisions
260 _bRICS
_c1991
300 _a5p
350 _a0
490 _aRICS Memorandum
_vGCPPA/Report (911)1
520 _aDiscussion of the planning aspects of the bill.
650 _aPLANNING AND COMPENSATION BILL
690 _aPLANNING LAW AND PRACTICE
942 _n0
948 _c04/03/1997
999 _c98421
_d98421